000 01948cam a2200373 i 4500
003 SA-RiAUC
005 20250725145114.0
008 250725s1989 su g b 000r0 ara c
040 _aSA-RiAUC
_bara
_cSA-RiAUC
_erda
050 0 _bS37. 1989
050 0 _bS3. 1989
082 0 4 _a251
_qSA-RiAUC
090 _a251
_b ص ر ص
100 1 _aالصرصري، سليمان بن عبد القوي بن عبد الكريم،
_d657-716 هجري
_eمؤلف.
245 1 0 _aشرح مختصر الروضة في أصول الفقه /
_cتأليف نجم الدين سليمان بن عبد القوي الطوفي الحنبلي ؛ دراسة وتحقيق إبراهيم بن عبد الله بن محمد آل إبراهيم.
250 _aالطبعة الأولى.
264 1 _a[مكان النشر غير محدد] :
_b[الناشر غير محدد]،
_c1989
264 3 _a[مكان الطبع غير محدد] :
_bالرياض :
_bمطابع الشرق الأوسط
300 _a3 مجلد ؛
_c24 سم
336 _aنص
_btxt
_2rdacontent
_3كتاب
337 _aبدون وسيط
_bn
_2rdamedia
338 _aمجلد
_bnc
_2rdacarrier
500 _aالمختصر للمؤلف.
504 _aببليوجرافية : صفحة 679-693.
650 7 _aأصول الفقه الإسلامي
_2aucsh
650 7 _aالفقه الحنبلي
_2aucsh
700 1 _aآل إبراهيم، إبراهيم بن عبد الله بن محمد،
_d1372 هجري-
_eمحقق.
700 1 2 _iشرح لـ :
_aابن قدامة، عبد الله بن أحمد،
_d541-620 هجري
740 0 2 _aروضة الناظر وجنة المناظر في أصول الفقه على مذهب الإمام أحمد بن حنبل.
740 0 2 _aمختصر روضة الناظر وجنة المناظر في أصول الفقه.
942 _2ddc
_cBOOK
_n0
949 _aSA-JeALM
_d250725
_ueid123
_n1
999 _c10294
_d10294